Lucia Miňová s rekordom Vydarený Memoriál Š. Stanislaya

Bibliographic Details
Main Author: Jacoš, Ján, 1963- (Author)
Format: Article
Language:Slovak
PhysicalDescription:Fotogr.
ISSN:1336-4030
Subjects:
Online Access:www.vecernik.po.sk

MARC

LEADER 00000nab a2200000 a 4500
001 vtls008963569
003 SK-MaSNL
005 20260303070752.0
008 070412c20070201xo dr n 000 00slo
038 |a SVKPOCL 
040 |a SVKPOCL  |b slo  |c AACR2  |e AACR2 
041 |a slo 
044 |a xo  |c SK 
080 |a 796.431.1.093.1  |2 2001 
100 1 |a Jacoš, Ján,  |d 1963-  |4 aut  |9 11515 
245 1 0 |a Lucia Miňová s rekordom  |b Vydarený Memoriál Š. Stanislaya  |c [autor] (jac) 
300 |a Fotogr. 
611 2 7 |a Memoriál Štefana Stanislaya  |n (15.  |d 2007  |c Prešov, Slovensko)  |2 svkpocl  |9 1068629 
650 0 7 |a skok do výšky  |2 svkpocl  |9 51550 
651 7 |a Prešov (Slovensko)  |2 svkpocl  |9 17347 
773 0 |t Prešovský večerník  |g Roč. XVIII, č. 4129 (1.2.2007), s. 15  |x 1336-4030 
852 |a SVKPO  |b KIS3GCP 
856 4 1 |u www.vecernik.po.sk 
958 |a RG 
999 |c 1756848  |d 1758778